[Event "Jam Bushehr Sepehrmanesh Memorial"]
[Site "Jam Bushehr"]
[Date "2018.04.19"]
[Round "7.1"]
[White "Hosseini Esfid, Seyyed Hossein"]
[Black "Armand, Saman"]
[Result "0-1"]
[WhiteElo "1571"]
[BlackElo "1950"]
[PlyCount "144"]
[EventDate "2018.04.12"]
[EventType "swiss"]
[EventRounds "9"]
[EventCountry "IRI"]
[SourceTitle "EXT 2024"]
[Source "ChessBase"]
[SourceDate "2023.10.10"]
[SourceVersion "1"]
[SourceVersionDate "2023.10.10"]
[SourceQuality "1"]

1. e4 c5 2. Nf3 g6 3. d4 cxd4 4. Qxd4 Nf6 5. e5 Nc6 6. Qc3 Nd5 7. Qb3 Nc7 8. Ng5 Ne6 9. Nxe6 fxe6 10. Bb5 Qc7 11. Bxc6 Qxe5+ 12. Be3 bxc6 13. 0-0 Bg7 14. c3 0-0 15. Nd2 Qd5 16. Qa3 d6 17. Rad1 c5 18. Nb1 Qe4 19. Nd2 Qc6 20. Qb3 Qb6 21. Qc2 Bb7 22. Nb3 Rab8 23. Qd2 Bd5 24. Qe2 Bxb3 25. axb3 Qxb3 26. Bc1 a5 27. Rfe1 e5 28. h4 a4 29. h5 gxh5 30. Qxh5 Qc2 31. Qh4 Rf7 32. Rd2 Qb3 33. Rd3 Rbf8 34. Rh3 Qc2 35. Rf1 Bf6 36. Qg4+ Bg7 37. Rg3 Qg6 38. Qc4 Qc2 39. Qe6 Qf5 40. Qc4 Qc2 41. Qe6 Kh8 42. Bg5 Rxf2 43. Rxf2 Qxf2+ 44. Kh2 Qf7 45. Qxe7 Qxe7 46. Bxe7 Re8 47. Bxd6 e4 48. Re3 c4 49. Kg3 Kg8 50. Kg4 Re6 51. Bc5 Bh6 52. Re2 Kf7 53. Kf5 e3 54. Kg4 Re5 55. Bd6 Rd5 56. Bb4 Ke6 57. Ba3 Ke5 58. Kf3 Rd2 59. Bc5 Rxe2 60. Kxe2 Ke4 61. Bb6 Bf4 62. Bc5 h5 63. Be7 Bg3 64. Bf6 Bf2 65. Bd8 Kf4 66. Bc7+ Kg4 67. Bd6 Bg3 68. Bc5 Bf4 69. Bb6 Kg3 70. Kf1 e2+ 71. Kxe2 Kxg2 72. Bc5 h4 0-1

[Event "Jam Bushehr Sepehrmanesh Memorial"]
[Site "Jam Bushehr"]
[Date "2018.04.13"]
[Round "5.5"]
[White "Heydari Orojloo, Kheizaran"]
[Black "Hosseini Esfid, Seyyed Hossein"]
[Result "0-1"]
[WhiteElo "1286"]
[BlackElo "1571"]
[PlyCount "136"]
[EventDate "2018.04.12"]
[EventType "swiss"]
[EventRounds "9"]
[EventCountry "IRI"]
[SourceTitle "EXT 2024"]
[Source "ChessBase"]
[SourceDate "2023.10.10"]
[SourceVersion "1"]
[SourceVersionDate "2023.10.10"]
[SourceQuality "1"]

1. d4 Nf6 2. Nf3 g6 3. e3 Bg7 4. Bd3 0-0 5. Nbd2 d5 6. b3 c6 7. Bb2 Nbd7 8. 0-0 e5 9. dxe5 Ng4 10. Rb1 Ngxe5 11. Nxe5 Nxe5 12. Be2 Re8 13. Nf3 a5 14. Nxe5 Bxe5 15. Bxe5 Rxe5 16. Bd3 a4 17. Re1 Qh4 18. Be2 Qe7 19. Bg4 f5 20. Be2 axb3 21. axb3 Bd7 22. Qd2 Re8 23. Kf1 c5 24. b4 cxb4 25. Qxb4 Bc6 26. Qxe7 R5xe7 27. Bb5 Kf7 28. Bxc6 bxc6 29. Rb6 Rc7 30. Reb1 Ke6 31. Ke2 Kd6 32. Kd3 Ra8 33. f3 Ra3+ 34. c3 Ra2 35. R6b2 Rca7 36. Rb7 h6 37. Rxa7 Rxa7 38. Rb2 Ra1 39. Rd2 Kc5 40. e4 f4 41. Re2 Rd1+ 42. Kc2 Ra1 43. Kd3 Rd1+ 44. Kc2 Ra1 45. Kd3 Ra7 46. exd5 Kxd5 47. Rc2 Ra3 48. Rb2 g5 49. Rc2 c5 50. Rb2 h5 51. Rc2 Ra4 52. c4+ Ke5 53. Re2+ Kf5 54. Rb2 Ra3+ 55. Kd2 Ke5 56. Kc2 Kd4 57. Kd2 Kxc4 58. Rc2+ Kd4 59. Ke2 c4 60. g3 Re3+ 61. Kf2 Kd3 62. Ra2 c3 63. gxf4 gxf4 64. Kg2 Re2+ 65. Rxe2 Kxe2 66. h3 c2 67. h4 c1Q 68. Kh3 Qh1# 0-1